00384nam a22001457a 4500003000400000005001700004008004100021040000800062050001000070082001000080100002600090245008600116260002600202300001000228OSt20221116164116.0221116b |||||||| |||| 00| 0 eng d cDLC bR823U bR823U aSahu, Dhirendra Kumar aUnited & uniting:bA Story of the Church of North India/cby Dhirendra Kumar Sahu aDelhi:bISPCK,c2001. a121p.